The noble scholar, jurist, historian


 His Excellency Dr. Abdul Wahhab bin Ibrahim Abu Sulaiman, may Allah have mercy on him.


 He was born in Umm Al-Qura in the year 1356 AH.

التفسير الكبير / (Record no. 2801)

MARC details
000 -LEADER
fixed length control field 00927cam a22002531i 4500
003 - CONTROL NUMBER IDENTIFIER
control field SA-RiAUC
005 - DATE AND TIME OF LATEST TRANSACTION
control field 20241127075329.0
008 - FIXED-LENGTH DATA ELEMENTS--GENERAL INFORMATION
fixed length control field 241127q19001999ir g 00010 ara c
040 ## - CATALOGING SOURCE
Original cataloging agency SA-AhKFU
Language of cataloging ara
Transcribing agency SA-RiAUC
Description conventions rda
050 #4 - LIBRARY OF CONGRESS CALL NUMBER
Item number .F35 Ref
082 04 - DEWEY DECIMAL CLASSIFICATION NUMBER
Classification number 227.3
090 ## - LOCALLY ASSIGNED LC-TYPE CALL NUMBER (OCLC); LOCAL CALL NUMBER (RLIN)
Classification number (OCLC) (R) ; Classification number, CALL (RLIN) (NR) 227.3
Local cutter number (OCLC) ; Book number/undivided call number, CALL (RLIN) ف خ ر
100 1# - MAIN ENTRY--PERSONAL NAME
Personal name الفخر الرازي، محمد بن عمر بن الحسن،
Dates associated with a name 544-606 هجري
Relator term مؤلف.
245 12 - TITLE STATEMENT
Title التفسير الكبير /
Remainder of title الفخر الرازي.
250 ## - EDITION STATEMENT
Edition statement الطبعة الثانية.
264 #1 - PRODUCTION, PUBLICATION, DISTRIBUTION, MANUFACTURE, AND COPYRIGHT NOTICE
Place of production, publication, distribution, manufacture طهران :
Name of producer, publisher, distributor, manufacturer دار الكتب العلمية،
Date of production, publication, distribution, manufacture, or copyright notice [بين 1900 و1999]
300 ## - PHYSICAL DESCRIPTION
Extent 32 مجلد في 16 ؛
Dimensions 28 سم
336 ## - CONTENT TYPE
Content type term نص
Content type code txt
Source rdacontent
Materials specified كتاب
337 ## - MEDIA TYPE
Media type term بدون وسيط
Media type code n
Source rdamedia
338 ## - CARRIER TYPE
Carrier type term مجلد
Carrier type code nc
Source rdacarrier
630 27 - SUBJECT ADDED ENTRY--UNIFORM TITLE
Uniform title القرآن
General subdivision تفاسير مأثورة
Source of heading or term aucut
942 ## - ADDED ENTRY ELEMENTS (KOHA)
Source of classification or shelving scheme Dewey Decimal Classification
Koha item type Books
949 ## - LOCAL PROCESSING INFORMATION (OCLC)
a SA-JeALM
d 241127
u khaled123
n 1
Holdings
Withdrawn status Lost status Source of classification or shelving scheme Materials specified (bound volume or other part) Damaged status Not for loan Home library Current library Date acquired Total checkouts Full call number Barcode Date last seen Price effective from Koha item type
    Dewey Decimal Classification الجزء الأول 1-2     DR AbdElwahab Library DR AbdElwahab Library 11/27/2024   227.3 ف خ ر 000004234 11/27/2024 11/27/2024 Books
    Dewey Decimal Classification الجزء الثالث 3-4     DR AbdElwahab Library DR AbdElwahab Library 11/27/2024   227.3 ف خ ر 000004235 11/27/2024 11/27/2024 Books
    Dewey Decimal Classification الجزء الخامس 5-6     DR AbdElwahab Library DR AbdElwahab Library 11/27/2024   227.3 ف خ ر 000004236 11/27/2024 11/27/2024 Books
    Dewey Decimal Classification الجزء السابع 7-8     DR AbdElwahab Library DR AbdElwahab Library 07/25/2025   227.3 ف خ ر 000016663 07/25/2025 07/25/2025 Books
    Dewey Decimal Classification الجزء التاسع 9-10     DR AbdElwahab Library DR AbdElwahab Library 07/25/2025   227.3 ف خ ر 000016664 07/25/2025 07/25/2025 Books
    Dewey Decimal Classification الجزء الحادي عشر 11-12     DR AbdElwahab Library DR AbdElwahab Library 07/25/2025   227.3 ف خ ر 000016665 07/25/2025 07/25/2025 Books
    Dewey Decimal Classification الجزء الثالث عشر 13-14     DR AbdElwahab Library DR AbdElwahab Library 07/25/2025   227.3 ف خ ر 000016666 07/25/2025 07/25/2025 Books
    Dewey Decimal Classification الجزء الخامس عشر 15-16     DR AbdElwahab Library DR AbdElwahab Library 07/25/2025   227.3 ف خ ر 000016667 07/25/2025 07/25/2025 Books
    Dewey Decimal Classification الجزء السابع عشر 17-18     DR AbdElwahab Library DR AbdElwahab Library 07/25/2025   227.3 ف خ ر 000016668 07/25/2025 07/25/2025 Books
    Dewey Decimal Classification الجزء التاسع عشر 19-20     DR AbdElwahab Library DR AbdElwahab Library 07/25/2025   227.3 ف خ ر 000016669 07/25/2025 07/25/2025 Books
    Dewey Decimal Classification الجزء الحادي و العشرون 21-22     DR AbdElwahab Library DR AbdElwahab Library 07/25/2025   227.3 ف خ ر 000016670 07/25/2025 07/25/2025 Books
    Dewey Decimal Classification الجزء الثالث و العشرون 23-24     DR AbdElwahab Library DR AbdElwahab Library 07/25/2025   227.3 ف خ ر 000016671 07/25/2025 07/25/2025 Books
    Dewey Decimal Classification الجزء الخامس و العشرون 25-26     DR AbdElwahab Library DR AbdElwahab Library 07/25/2025   227.3 ف خ ر 000016672 07/25/2025 07/25/2025 Books
    Dewey Decimal Classification الجزء السابع و العشرون 27-28     DR AbdElwahab Library DR AbdElwahab Library 07/25/2025   227.3 ف خ ر 000016673 07/25/2025 07/25/2025 Books
    Dewey Decimal Classification الجزء التاسع و العشرون 29-30     DR AbdElwahab Library DR AbdElwahab Library 07/25/2025   227.3 ف خ ر 000016674 07/25/2025 07/25/2025 Books
    Dewey Decimal Classification الجزء الحادي و الثلاثون 31-32     DR AbdElwahab Library DR AbdElwahab Library 07/25/2025   227.3 ف خ ر 000016675 07/25/2025 07/25/2025 Books